Historical evolution of corporation tax in India (Record no. 14834)

MARC details
000 -LEADER
fixed length control field 00606nam a2200169Ia 4500
082 ## - DEWEY DECIMAL CLASSIFICATION NUMBER
Classification number TR.0122
100 ## - MAIN ENTRY--AUTHOR NAME
Personal name Roy, Ajit Kumar
245 #0 - TITLE STATEMENT
Title Historical evolution of corporation tax in India
260 ## - PUBLICATION, DISTRIBUTION, ETC. (IMPRINT)
Year of publication 1979
Name of publisher University of Calcutta
300 ## - PHYSICAL DESCRIPTION
Number of Pages 521p. + C D - 52
650 ## - SUBJECT ADDED ENTRY--TOPICAL TERM
Topical Term CORPORATION TAX//COMPANIES AND CORPORATIONS - TAXATION
650 ## - SUBJECT ADDED ENTRY--TOPICAL TERM
Topical Term COMPANIES AND CORPORATIONS - TAXATION - INDIA
650 ## - SUBJECT ADDED ENTRY--TOPICAL TERM
Topical Term CORPORATION INCOME TAX//COMPANIES AND CORPORATIONS - TAXATION
650 ## - SUBJECT ADDED ENTRY--TOPICAL TERM
Topical Term FEDERAL CORPORATION TAX//COMPANIES AND CORPORATIONS - TAXATION
710 ## - ADDED ENTRY--CORPORATE NAME
Corporate name or jurisdiction name as entry element Bhattacharya, Sukumar
942 ## - ADDED ENTRY ELEMENTS (KOHA)
Koha item type Thesis
Source of classification or shelving scheme Dewey Decimal Classification
Holdings
Withdrawn status Lost status Damaged status Not for loan Home library Current library Date acquired Full call number Accession Number Price effective from Koha item type
        NASSDOC Library NASSDOC Library 08/10/2004 TR.0122 12300 18/04/2019 Thesis